000 00426nam a2200181Ia 4500
005 20240823044847.0
008 240823s9999||||xx |||||||||||||| ||und||
041 _aENGLISH
082 _A530 P9
100 _aMuthukumaran S
245 0 _aEngineering Physics I
250 _a3rd
260 _c2009
_bSri Krishna Publica
500 _aTRANSFERED
650 _aPhysics
_bPhysics
700 _a Masilamani S
942 _cBK
999 _c213605
_d213605